| 000 | 00606nam a2200181Ia 4500 | ||
|---|---|---|---|
| 008 | 090630s9999 xx 000 0 und d | ||
| 082 | _b26439 | ||
| 100 | _aकणेकर शिरिष. | ||
| 245 |
_aवेचक शिरीष कणेकर. _cकणेकर शिरिष. |
||
| 260 |
_bदिलीप. _c2004 |
||
| 300 | _a371 | ||
| 600 | _aकणेकर शिरिष. | ||
| 630 | _aवेचक शिरीष कणेकर. | ||
| 655 | _aइतर. | ||
| 700 | _aकणेकर शिरिष. | ||
| 730 | _aवेचक शिरीष कणेकर. | ||
| 942 | _cBOOK | ||
| 999 |
_c278295 _d278295 |
||